000 00423nam a2200193Ia 4500
008 240510s9999 xx 000 0 und d
020 _a0008120310942
041 _aEng
082 _a005.54
082 _bP48
100 _aPLUMLEY S.
245 0 _a10 MINUTE GUIDE TO LOTUS NOTES
260 _bNEWDELHI : PRINTICE HALL
260 _c1996
300 _a193 p.
650 _aLOTUS
942 _2ddc
942 _cLBK
999 _c26708
_d26708
945 _a1
_bMadushi Gamage
_c1
_dMadushi Gamage